000 00523nam a2200181Ia 4500
999 _c30024
_d30024
003 OSt
005 20201211123818.0
008 190216s9999||||xx |||||||||||||| ||und||
020 _a9788188801008
040 _coclc
082 _a894.812
_bCHA/M
100 _aChandrasekharan, M R
_97114
245 0 _aManeeshikal /
_cM R Chandrasekharan
260 _bLipi Publications,
_c2008.
_aKozhikode:
300 _a80p
650 _aSahithya Vimarshanam
942 _cBK
_2ddc
_h894.812
_iCHA/M
_k894.812
_mCHA/M